00678nam a2200193Ia 4500999001500000020001800015082001300033245006900046260004700115300001300162504001900175650001400194650001200208650001700220700002600237710005800263942000700321952015600328 c5541d5541 a81-7305-196-8 a306 NAT- 0aNature of man and culture: alternative paradigms in anthropology aNew DelhibAryan Books Internationalc2001 axvi, 175 aincludes index aEthnology aCulture aAnthropology aSaraswati, Baidyanath aIndira Gandhi National Centre for the Arts, New Delhi cBK 00104070aNASSDOCbNASSDOCd2007-06-06eGifted by : Andre Malrauy Programme on Ii2007-04-19l0o306 NAT-p43464r2019-04-18 00:00:00w2019-04-18yBK